|
|
|
|
| LEADER |
01477nam a2200313 a 4500 |
| 001 |
00016984 |
| 003 |
BD-DhAAL |
| 008 |
090623s2003 ne a b 101 0 eng d |
| 010 |
|
|
|a 2003063754
|
| 020 |
|
|
|a 1402017189 (alk. paper)
|
| 040 |
|
|
|a DLC
|c DLC
|d DLC
|d BD-DhAAL
|
| 082 |
0 |
0 |
|a 660.6
|2 22
|
| 111 |
2 |
|
|a International Conference on New Horizons in Biotechnology
|d (2001 :
|c Trivandrum, India)
|9 57854
|
| 245 |
1 |
0 |
|a New horizons in biotechnology /
|c edited by S. Roussos ... [et al.].
|
| 260 |
|
|
|a Dordrecht ;
|a Boston :
|b Kluwer Academic Publishers,
|c c2003.
|
| 300 |
|
|
|a xviii, 449 p. :
|b ill. ;
|c 24 cm
|
| 500 |
|
|
|a "International Conference on New Horizons in Biotechnology that was held in Trivandrum, India, April 18-21, 2001"--Foreword.
|
| 504 |
|
|
|a Includes bibliographical references and index.
|
| 526 |
|
|
|a MNS
|x Professor Naiyyum Choudhury
Department of Mathematics and Natural Sciences
BRAC University
|
| 541 |
1 |
|
|e 00016984
|a Paragon Enterprises LTD
|
| 650 |
|
0 |
|a Biotechnology
|v Congresses.
|9 57845
|
| 700 |
1 |
|
|a Roussos, S.
|9 57855
|
| 700 |
1 |
|
|a Soccol, C.R.
|9 57856
|
| 700 |
1 |
|
|a Pandey, A.
|9 57857
|
| 700 |
1 |
|
|a Augur, C.
|9 57858
|
| 852 |
4 |
|
|a Ayesha Abed Library
|c General Stacks
|
| 942 |
|
|
|2 ddc
|c BK
|
| 999 |
|
|
|c 1846
|d 1846
|
| 952 |
|
|
|0 0
|1 0
|2 ddc
|4 0
|6 660_600000000000000_NEW
|7 0
|9 1689
|a BRACUL
|b BRACUL
|c GEN
|d 2009-06-29
|e Paragon Enterprises LTD
|g 16745.00
|l 1
|o 660.6 NEW
|p 3010016984
|r 2023-06-18
|s 2023-06-16
|t 1
|w 2009-06-29
|y BK
|x Requisitioned by Professor Naiyyum Choudhury.
|